Представление документа в формате RUSMARC

ПолеНазваниеЗначение
  Тип записи a
  Библиографический уровень m
001 Контрольный номер RU/REG73/CBS_GRAD2/669901124
005 Дата корректировки 20221122154908.3
010 Индекс ISBN __
a ISBN 5-09-003499-0
101 Язык документа __
a Язык текста rus
200 Заглавие и сведения об ответственности __
a Заглавие Сто народов, сто языков
e Сведения, относящиеся к заглавию Этнографические очерки
f Первые сведения об ответственности Л. М. Минц, А. С. Миловский, Н. А. Сафиев
b Общее обозначение материала Текст
203 Вид содержания и тип средства __
a Вид содержания Текст (визуальный) : непосредственный
210 Выходные данные __
a Место издания Москва
c Издательство Просвещение
d Дата издания 1992
215 Физическое описание __
a Объем 2008 с.
c Иллюстрации/тип воспроизводства ил.
610 Ключевые слова __
a Ключевые слова для среднего школьного возраста
686 Индексы других классификаций __
a Классификационный индекс 63.5
801 Источник записи _0
a Страна RU
b Организация RuCBSGrad
g Правила каталогизации PSBO
801 Источник записи _1
a Страна RU
b Организация RuCBSGrad
g Правила каталогизации PSBO
901 Тип документа __
t Тип документа m
981 __
b i
g e
2 isbdcontent
982 __
b n
2 isbdmedia
993 __
a 57121
b 31348
e 178525
f ЦГДБ
h 33.78
i 178525
m 1
n 44278
o I
p 33.78
x 1
y 1
z 63.5